| 000 | 00545nam a2200193Ia 4500 | ||
|---|---|---|---|
| 001 | 64588 | ||
| 003 | OSt | ||
| 005 | 20150706102616.0 | ||
| 008 | 150204s9999 xx 000 0 und d | ||
| 020 | _a9694428653 | ||
| 040 | _cPK-LaUMT | ||
| 082 |
_a 891.4393 _bRAZ-D |
||
| 100 | _aRazia Butt(رضیہ بٹ) | ||
| 245 |
_aDarling (Urdu)(ڈارلنگ) _cRazia Butt(رضیہ بٹ) |
||
| 260 |
_aLahore,Pakistan:(لاہور،پاکستان) _bMaqbool Academy,(مقبول اکیڈمی) _c[ ] |
||
| 300 | _a295 p. | ||
| 546 | _aUR | ||
| 942 |
_cBK _2ddc |
||
| 999 |
_c65734 _d65734 |
||